[Event "Puchong FF08 IM"]
[Site "Puchong"]
[Date "2017.08.19"]
[Round "6"]
[White "Low, Kai Xiang"]
[Black "Muzzafar, Ahmad"]
[Result "0-1"]
[WhiteElo "1068"]
[BlackElo "1947"]
[PlyCount "48"]
[EventDate "2017.08.14"]
[EventType "tourn"]
[EventRounds "10"]
[EventCountry "MAS"]
[SourceTitle "CBM 187 Extra"]
[Source "ChessBase"]
[SourceDate "2018.11.04"]
[SourceVersion "1"]
[SourceVersionDate "2018.11.04"]
[SourceQuality "1"]

1. e4 g6 2. d4 Bg7 3. Nf3 c5 4. Nc3 Qa5 5. Be3 cxd4 6. Nxd4 Nc6 7. Qd2 Nf6 8. Nb3 Qd8 9. Bd3 d6 10. Bg5 0-0 11. 0-0 Bd7 12. Rad1 Rc8 13. a3 Ne5 14. f4 Nc4 15. Bxc4 Rxc4 16. Bxf6 Bxf6 17. Qd5 Qc7 18. e5 Be6 19. Qf3 dxe5 20. Nd5 Bxd5 21. Rxd5 exf4 22. c3 Qb6+ 23. Nd4 Bxd4+ 24. Rxd4 Rxd4 0-1

[Event "Puchong FF08 IM"]
[Site "Puchong"]
[Date "2017.08.17"]
[Round "4"]
[White "Ng, Jun Fung Isaac"]
[Black "Low, Kai Xiang"]
[Result "1-0"]
[WhiteElo "1246"]
[BlackElo "1068"]
[PlyCount "55"]
[EventDate "2017.08.14"]
[EventType "tourn"]
[EventRounds "10"]
[EventCountry "MAS"]
[SourceTitle "CBM 187 Extra"]
[Source "ChessBase"]
[SourceDate "2018.11.04"]
[SourceVersion "1"]
[SourceVersionDate "2018.11.04"]
[SourceQuality "1"]

1. d4 d5 2. c4 e6 3. Nc3 Nf6 4. Bg5 Bb4 5. Nf3 h6 6. Bh4 Nc6 7. e3 Bd7 8. Bd3 dxc4 9. Bxc4 Qe7 10. 0-0 g5 11. Bg3 0-0-0 12. a3 Bxc3 13. bxc3 Ne4 14. Qc2 f5 15. Ne5 Nxg3 16. Nxc6 Bxc6 17. hxg3 Bd5 18. Bxd5 Rxd5 19. e4 Ra5 20. Rfe1 Qd6 21. exf5 exf5 22. Qb3 Kd7 23. Qf7+ Kd8 24. Re6 Qf8 25. Qg6 Rd5 26. Rae1 Ra5 27. Re7 Rxa3 28. Qe6 1-0

[Event "Puchong FF08 IM"]
[Site "Puchong"]
[Date "2017.08.14"]
[Round "1"]
[White "Muzzafar, Ahmad"]
[Black "Low, Kai Xiang"]
[Result "1-0"]
[WhiteElo "1947"]
[BlackElo "1068"]
[PlyCount "67"]
[EventDate "2017.08.14"]
[EventType "tourn"]
[EventRounds "10"]
[EventCountry "MAS"]
[SourceTitle "CBM 187 Extra"]
[Source "ChessBase"]
[SourceDate "2018.11.04"]
[SourceVersion "1"]
[SourceVersionDate "2018.11.04"]
[SourceQuality "1"]

1. e4 e5 2. Bc4 Bc5 3. Nf3 Nc6 4. b4 Bb6 5. a4 Nxb4 6. Nxe5 d5 7. exd5 Nxd5 8. Nxf7 Qe7+ 9. Qe2 Qxe2+ 10. Kxe2 Kxf7 11. Bxd5+ Ke8 12. Re1 Kd8 13. Bb2 Nf6 14. Bxf6+ gxf6 15. Nc3 c6 16. Bf7 Rf8 17. Bh5 Bf5 18. a5 Bd4 19. Ra4 Bxc3 20. dxc3 Bg6 21. Bxg6 hxg6 22. Kf3 Re8 23. Rxe8+ Kxe8 24. Rh4 Rd8 25. Rh8+ Kd7 26. Rxd8+ Kxd8 27. h4 Ke7 28. Kf4 Kf7 29. g4 Kg7 30. Ke4 Kf7 31. f4 Ke6 32. h5 f5+ 33. gxf5+ gxf5+ 34. Kd4 1-0